Ja bačyv, jak viter berizku zlomyv

Bibliographic Details
Main Authors: Aleksandrov, Volodymyr (Author), Rubinštejn, Anton Grigorjevič, 1829-1894 (Composer)
Format: Article
Language:Ukrainian
PhysicalDescription:Noty
ISSN:1337-6314
Subjects:

MARC

LEADER 00000cab a2200000 a 4500
001 vtls009460851
003 SK-MaSNL
005 20260304051714.0
008 090114c2007 xo mr p 000 c0ukr
015 |a SNBRB2009/01 
038 |a SVKPOCL 
040 |a SVKPOCL  |b slo  |c SVKPOCL  |d SVKPOCL  |e AACR2 
041 0 |a ukr 
044 |a xo  |c SK 
080 |a 821.161.2-1=161.2  |2 2001 
100 1 |a Aleksandrov, Volodymyr  |4 aut  |9 1334182 
245 1 0 |a Ja bačyv, jak viter berizku zlomyv  |c [slova Volodymyra Aleksandrova ; muzyka Antona Grigorjeviča Rubinštejna] 
300 |b Noty 
650 0 7 |a ukrajinská literatúra  |2 svkpocl  |9 1218 
650 0 7 |a ukrajinská poézia  |2 svkpocl  |9 59029 
651 7 |a Ukrajina  |2 svkpocl  |9 168045 
655 7 |a lyrické básne, ukrajinské  |2 svkpocl  |9 462601 
700 1 |a Rubinštejn, Anton Grigorjevič,  |d 1829-1894  |4 cmp  |9 602429 
773 0 |t Veselka  |g Rič. [60], č. 1 (2008/2009), s. 9  |x 1337-6314 
852 |a SVKPO  |b KIS3GCP 
958 |a UK 
958 |a LX 
958 |a UA 
958 |a SK 
999 |c 2704553  |d 2706483